<?xml version="1.0" encoding="UTF-8"?>
<record
    xmlns:xsi="http://www.w3.org/2001/XMLSchema-instance"
    xsi:schemaLocation="http://www.loc.gov/MARC21/slim http://www.loc.gov/standards/marcxml/schema/MARC21slim.xsd"
    xmlns="http://www.loc.gov/MARC21/slim">

  <leader>02791nam a22003017a 4500</leader>
  <controlfield tag="001">1608</controlfield>
  <controlfield tag="003">FISKH</controlfield>
  <controlfield tag="005">20231010083417.0</controlfield>
  <controlfield tag="008">230911b        cb ||||| |||| 00| 0 khr d</controlfield>
  <datafield tag="020" ind1=" " ind2=" ">
    <subfield code="a">9789995054595</subfield>
  </datafield>
  <datafield tag="040" ind1=" " ind2=" ">
    <subfield code="a">FISKH </subfield>
    <subfield code="b">eng</subfield>
    <subfield code="c">FISKH </subfield>
    <subfield code="d">FISKH </subfield>
  </datafield>
  <datafield tag="082" ind1=" " ind2=" ">
    <subfield code="a">595.7</subfield>
  </datafield>
  <datafield tag="100" ind1=" " ind2=" ">
    <subfield code="a">Hoai, To </subfield>
  </datafield>
  <datafield tag="245" ind1=" " ind2=" ">
    <subfield code="a">&#x178A;&#x17C6;&#x178E;&#x17BE;&#x179A;&#x1795;&#x17D2;&#x179F;&#x1784;&#x1796;&#x17D2;&#x179A;&#x17C1;&#x1784;&#x179A;&#x1794;&#x179F;&#x17CB;&#x1785;&#x1784;&#x17D2;&#x179A;&#x17B7;&#x178F;&#x178A;&#x17BC;&#x1784; / </subfield>
    <subfield code="c">&#x179A;&#x17BC;&#x1794;&#x1782;&#x17C6;&#x1793;&#x17BC;&#x179A;&#x178A;&#x17C4;&#x1799; &#x1789;&#x17B9;&#x1780; &#x179F;&#x17BB;&#x1795;&#x17B6;&#x179B;&#x17B6;&#x1797; </subfield>
  </datafield>
  <datafield tag="250" ind1=" " ind2=" ">
    <subfield code="a">&#x1794;&#x17C4;&#x17C7;&#x1796;&#x17BB;&#x1798;&#x17D2;&#x1796;&#x179B;&#x17BE;&#x1780;&#x1791;&#x17B8; &#x17E5; &#x1781;&#x17C2;&#x179C;&#x17B7;&#x1785;&#x17D2;&#x1786;&#x17B7;&#x1780;&#x17B6; &#x1786;&#x17D2;&#x1793;&#x17B6;&#x17C6; &#x17E2;&#x17E0;&#x17E2;&#x17E2; </subfield>
  </datafield>
  <datafield tag="260" ind1=" " ind2=" ">
    <subfield code="a">Phnom Penh : </subfield>
    <subfield code="b">Sipar, </subfield>
    <subfield code="c">2022. </subfield>
  </datafield>
  <datafield tag="300" ind1=" " ind2=" ">
    <subfield code="a">142 pages : </subfield>
    <subfield code="b">illustrations ; </subfield>
    <subfield code="c">19 cm</subfield>
  </datafield>
  <datafield tag="490" ind1=" " ind2=" ">
    <subfield code="a">&#x17A2;&#x1780;&#x17D2;&#x179F;&#x179F;&#x17B7;&#x179B;&#x17D2;&#x1794;&#x17CD;&#x1799;&#x17BB;&#x179C;&#x179C;&#x17D0;&#x1799;</subfield>
  </datafield>
  <datafield tag="505" ind1=" " ind2=" ">
    <subfield code="a">Z'
</subfield>
  </datafield>
  <datafield tag="520" ind1=" " ind2=" ">
    <subfield code="a">&#x1785;&#x1784;&#x17D2;&#x179A;&#x17B9;&#x178F;&#x178A;&#x17BC;&#x1784;&#x1798;&#x17B6;&#x1793;&#x178A;&#x1784;&#x1781;&#x17D2;&#x179B;&#x17BD;&#x1793;&#x1797;&#x17D2;&#x179B;&#x17BA;&#x179A;&#x179B;&#x17C4;&#x1784; &#x1798;&#x17B6;&#x178C;&#x1798;&#x17B6;&#x17C6; &#x1785;&#x17B7;&#x178F;&#x17D2;&#x178F;&#x17A0;&#x17B6;&#x1793;&#x1780;&#x17D2;&#x179B;&#x17B6; &#x17A0;&#x17BE;&#x1799;&#x1785;&#x17BC;&#x179B;&#x1785;&#x17B7;&#x178F;&#x17D2;&#x178F;&#x1794;&#x1784;&#x17D2;&#x1780;&#x1787;&#x1798;&#x17D2;&#x179B;&#x17C4;&#x17C7;&#x1787;&#x17B6;&#x1798;&#x17BD;&#x1799;&#x17A2;&#x17D2;&#x1793;&#x1780;&#x178A;&#x1791;&#x17C3; &#x17D4; &#x1790;&#x17D2;&#x1784;&#x17C3;&#x1798;&#x17BD;&#x1799;&#x1782;&#x17C1;&#x178F;&#x17D2;&#x179A;&#x17BC;&#x179C;&#x1780;&#x17D2;&#x1798;&#x17C1;&#x1784;&#x17D7; &#x1785;&#x17B6;&#x1794;&#x17CB;&#x1794;&#x17B6;&#x1793; &#x1794;&#x17C9;&#x17BB;&#x1793;&#x17D2;&#x178F;&#x17C2;&#x1782;&#x17C1;&#x1782;&#x17C1;&#x1785;&#x1781;&#x17D2;&#x179B;&#x17BD;&#x1793;&#x179A;&#x17BD;&#x1785; &#x17A0;&#x17BE;&#x1799;&#x1794;&#x17B6;&#x1793;&#x179F;&#x17D2;&#x1782;&#x17B6;&#x179B;&#x17CB;&#x1781;&#x17D2;&#x1798;&#x17BB;&#x179A; &#x178A;&#x17C2;&#x179B;&#x1780;&#x17D2;&#x179A;&#x17C4;&#x1799;&#x1798;&#x1780;&#x1780;&#x17D2;&#x179B;&#x17B6;&#x1799;&#x1787;&#x17B6;&#x1798;&#x17B7;&#x178F;&#x17D2;&#x178F;&#x179B;&#x17D2;&#x17A2;&#x1793;&#x17B9;&#x1784;&#x1782;&#x17D2;&#x1793;&#x17B6;&#x17D4; &#x1798;&#x17B7;&#x178F;&#x17D2;&#x178F;&#x1791;&#x17B6;&#x17C6;&#x1784;&#x1796;&#x17B8;&#x179A;&#x1793;&#x17B6;&#x17C6;&#x1782;&#x17D2;&#x1793;&#x17B6;&#x1792;&#x17D2;&#x179C;&#x17BE;&#x178A;&#x17C6;&#x178E;&#x17BE;&#x179A;&#x1795;&#x17D2;&#x179F;&#x1784;&#x1796;&#x17D2;&#x179A;&#x17C1;&#x1784; &#x178A;&#x17BE;&#x1798;&#x17D2;&#x1794;&#x17B8;&#x179F;&#x17D2;&#x179C;&#x17C2;&#x1784;&#x1799;&#x179B;&#x17CB;&#x1796;&#x17B7;&#x1797;&#x1796;&#x179B;&#x17C4;&#x1780;&#x17D4; &#x178F;&#x17B6;&#x1798;&#x1795;&#x17D2;&#x179B;&#x17BC;&#x179C;&#x1796;&#x17BD;&#x1780;&#x1782;&#x17C1;&#x1787;&#x17BD;&#x1794;&#x179F;&#x178F;&#x17D2;&#x179C;&#x1795;&#x17D2;&#x179F;&#x17C1;&#x1784;&#x17D7; &#x17A0;&#x17BE;&#x1799;&#x1791;&#x1791;&#x17BD;&#x179B;&#x1794;&#x17B6;&#x1793;&#x1794;&#x1791;&#x1796;&#x17B7;&#x179F;&#x17C4;&#x1792;&#x1793;&#x17CD;&#x1787;&#x17B6;&#x1785;&#x17D2;&#x179A;&#x17BE;&#x1793;&#x1798;&#x17B6;&#x1793;&#x1791;&#x17B6;&#x17C6;&#x1784;&#x179F;&#x1794;&#x17D2;&#x1794;&#x17B6;&#x1799; &#x1798;&#x17B6;&#x1793;&#x1791;&#x17B6;&#x17C6;&#x1784;&#x1780;&#x1798;&#x17D2;&#x179F;&#x178F;&#x17CB;&#x17D4; &#x1780;&#x17D2;&#x179A;&#x17C4;&#x1799;&#x1798;&#x1780; &#x1796;&#x17BD;&#x1780;&#x1782;&#x17C1;&#x179F;&#x1798;&#x17D2;&#x179A;&#x17C1;&#x1785;&#x1785;&#x17B7;&#x178F;&#x17D2;&#x178F;&#x1785;&#x17BC;&#x179B;&#x179A;&#x17BD;&#x1798;&#x1787;&#x17B6;&#x1798;&#x17BD;&#x1799;&#x179F;&#x178F;&#x17D2;&#x179C;&#x178A;&#x17CF;&#x1791;&#x17C3;&#x1791;&#x17C0;&#x178F; &#x178A;&#x17BE;&#x1798;&#x17D2;&#x1794;&#x17B8;&#x179F;&#x17D2;&#x179C;&#x17C2;&#x1784;&#x179A;&#x1780;&#x179F;&#x1793;&#x17D2;&#x178F;&#x17B7;&#x1797;&#x17B6;&#x1796; &#x179F;&#x1798;&#x17D2;&#x179A;&#x17B6;&#x1794;&#x17CB;&#x1796;&#x17B7;&#x1797;&#x1796;&#x179B;&#x17C4;&#x1780;&#x1791;&#x17B6;&#x17C6;&#x1784;&#x1798;&#x17BD;&#x179B; &#x17D4; </subfield>
  </datafield>
  <datafield tag="520" ind1=" " ind2=" ">
    <subfield code="a">Crickets have a shiny body, strong and courageous and like to quarrel with others. One day he was caught by the children, but he escaped and got to know the Khmer, who later became good friends. The two friends go on an adventure to explore the world.&#x200B;&#x200B; Along the way, they meet various animals and gain many experiences, both happy and sad. Later, they decide to join other animals to find peace for the whole world.</subfield>
  </datafield>
  <datafield tag="521" ind1="8" ind2=" ">
    <subfield code="a">920
</subfield>
    <subfield code="b">Lexile estimate
</subfield>
  </datafield>
  <datafield tag="521" ind1="8" ind2=" ">
    <subfield code="a">Z'
</subfield>
    <subfield code="b">Raz-Plus
</subfield>
  </datafield>
  <datafield tag="650" ind1=" " ind2=" ">
    <subfield code="a">&#x178A;&#x17C6;&#x178E;&#x17BE;&#x179A;&#x1795;&#x17D2;&#x179F;&#x1784;&#x1796;&#x17D2;&#x179A;&#x17C1;&#x1784; </subfield>
    <subfield code="v">&#x1781;&#x17D2;&#x179B;&#x17B6;&#x17C6;&#x1784; </subfield>
    <subfield code="x">&#x1798;&#x17B7;&#x178F;&#x17D2;&#x178F;&#x1797;&#x17B6;&#x1796; </subfield>
    <subfield code="y">&#x179F;&#x17D2;&#x179C;&#x17C2;&#x1784;&#x179A;&#x1780; </subfield>
  </datafield>
  <datafield tag="650" ind1=" " ind2=" ">
    <subfield code="a">Adventure   </subfield>
    <subfield code="v">Strong </subfield>
    <subfield code="x">Friendship</subfield>
    <subfield code="y">Explore </subfield>
  </datafield>
  <datafield tag="700" ind1=" " ind2=" ">
    <subfield code="a">Sophaleap, Nhoek </subfield>
    <subfield code="e">illustrator </subfield>
  </datafield>
  <datafield tag="942" ind1=" " ind2=" ">
    <subfield code="2">ddc</subfield>
    <subfield code="c">BK</subfield>
    <subfield code="n">0</subfield>
  </datafield>
  <datafield tag="999" ind1=" " ind2=" ">
    <subfield code="c">1608</subfield>
    <subfield code="d">1608</subfield>
  </datafield>
  <datafield tag="952" ind1=" " ind2=" ">
    <subfield code="0">0</subfield>
    <subfield code="1">0</subfield>
    <subfield code="2">ddc</subfield>
    <subfield code="4">0</subfield>
    <subfield code="7">0</subfield>
    <subfield code="8">KH</subfield>
    <subfield code="a">001</subfield>
    <subfield code="b">001</subfield>
    <subfield code="c">KHRS</subfield>
    <subfield code="d">2023-09-11</subfield>
    <subfield code="l">0</subfield>
    <subfield code="o">HOA 595.7</subfield>
    <subfield code="p">2023-0555</subfield>
    <subfield code="r">2023-09-11 12:30:41</subfield>
    <subfield code="t">1</subfield>
    <subfield code="w">2023-09-11</subfield>
    <subfield code="y">KHB</subfield>
  </datafield>
  <datafield tag="952" ind1=" " ind2=" ">
    <subfield code="0">0</subfield>
    <subfield code="1">0</subfield>
    <subfield code="2">ddc</subfield>
    <subfield code="4">0</subfield>
    <subfield code="7">0</subfield>
    <subfield code="8">KH</subfield>
    <subfield code="a">001</subfield>
    <subfield code="b">001</subfield>
    <subfield code="c">KHRS</subfield>
    <subfield code="d">2023-09-11</subfield>
    <subfield code="l">0</subfield>
    <subfield code="o">HOA 595.7</subfield>
    <subfield code="p">2023-0556</subfield>
    <subfield code="r">2023-09-11 12:30:49</subfield>
    <subfield code="t">2</subfield>
    <subfield code="w">2023-09-11</subfield>
    <subfield code="y">KHB</subfield>
  </datafield>
  <datafield tag="952" ind1=" " ind2=" ">
    <subfield code="0">0</subfield>
    <subfield code="1">0</subfield>
    <subfield code="2">ddc</subfield>
    <subfield code="4">0</subfield>
    <subfield code="7">0</subfield>
    <subfield code="8">KH</subfield>
    <subfield code="a">001</subfield>
    <subfield code="b">001</subfield>
    <subfield code="c">KHRS</subfield>
    <subfield code="d">2023-09-11</subfield>
    <subfield code="l">1</subfield>
    <subfield code="o">HOA 595.7</subfield>
    <subfield code="p">FISTK03690</subfield>
    <subfield code="q">2026-04-15</subfield>
    <subfield code="r">2026-04-01 08:19:05</subfield>
    <subfield code="s">2026-04-01</subfield>
    <subfield code="t">3</subfield>
    <subfield code="w">2023-09-11</subfield>
    <subfield code="y">KHB</subfield>
  </datafield>
  <datafield tag="952" ind1=" " ind2=" ">
    <subfield code="0">0</subfield>
    <subfield code="1">0</subfield>
    <subfield code="2">ddc</subfield>
    <subfield code="4">0</subfield>
    <subfield code="7">0</subfield>
    <subfield code="8">KH</subfield>
    <subfield code="a">002</subfield>
    <subfield code="b">001</subfield>
    <subfield code="c">SKB</subfield>
    <subfield code="d">2023-09-11</subfield>
    <subfield code="l">1</subfield>
    <subfield code="o">HOA 595.7</subfield>
    <subfield code="p">FISSE02652</subfield>
    <subfield code="r">2025-03-11 16:37:37</subfield>
    <subfield code="s">2025-03-11</subfield>
    <subfield code="t">4</subfield>
    <subfield code="w">2023-09-11</subfield>
    <subfield code="y">KHB</subfield>
  </datafield>
</record>
